=LDR 00000nam 2200000 4500 =001 INLIS000000000023546 =005 20140624125040.0 =006 =007 =008 Ind =035 ##$$a 0010-061300000023546 =041 ##$$a Ind =082 ##$$a 650 =090 ##$$a 650, Kas s =100 ##$$a Kasmir =245 ##$$a Studi kelayakan bisnis, Kasmir =260 ##$$a 2003 $b Jakarta =300 ##$$a 356 hlm, 22 cm =650 ##$$a Bisnis - studi kelayakan =850 ##$$a NBPNMAT